The CRYSTAL COLLECTOR : (Record no. 204242)

MARC details
000 -LEADER
fixed length control field 01500nam a2200361 i 4500
003 - CONTROL NUMBER IDENTIFIER
control field OSt
005 - DATE AND TIME OF LATEST TRANSACTION
control field 20260514121123.0
008 - FIXED-LENGTH DATA ELEMENTS--GENERAL INFORMATION
fixed length control field 260513t20242024-ukao gr 001 0beng d
020 ## - INTERNATIONAL STANDARD BOOK NUMBER
International Standard Book Number 9781446313374
Terms of availability RM110.00
Qualifying information paperback
040 ## - CATALOGING SOURCE
Original cataloging agency PPAK
Language of cataloging eng
Transcribing agency PPAK
Description conventions rda
082 04 - DEWEY DECIMAL CLASSIFICATION NUMBER
Edition number 23
Classification number 133.2548
090 00 - LOCALLY ASSIGNED LC-TYPE CALL NUMBER (OCLC); LOCAL CALL NUMBER (RLIN)
Classification number (OCLC) (R) ; Classification number, CALL (RLIN) (NR) 133.2548
Feature heading GRE
Feature heading G
100 1# - MAIN ENTRY--PERSONAL NAME
Personal name Green, Jillian Aurelia,
Relator term author.
245 14 - TITLE STATEMENT
Title The CRYSTAL COLLECTOR :
Remainder of title HOW TO BUILD A LIFELONG COLLECTION OF CRYSTALS AND STONES /
Statement of responsibility, etc. Jillian Aurelia Green ; Editor: Charlene Fernandes ; Photography: Dave Burton and Jess Esposito ; Author photo: Hannah Cohen
264 #1 - PRODUCTION, PUBLICATION, DISTRIBUTION, MANUFACTURE, AND COPYRIGHT NOTICE
Place of production, publication, distribution, manufacture [London] :
Name of producer, publisher, distributor, manufacturer DAVID & CHARLES,
Date of production, publication, distribution, manufacture, or copyright notice 2024
Date of production, publication, distribution, manufacture, or copyright notice ©2024
300 ## - PHYSICAL DESCRIPTION
Extent 144 pages :
Other physical details colour illustrations, colour photographs ;
Dimensions 23 cm
336 ## - CONTENT TYPE
Content type term text
Source rdacontent
337 ## - MEDIA TYPE
Media type term unmediated
Source rdamedia
338 ## - CARRIER TYPE
Carrier type term volume
Source rdacarrier
500 ## - GENERAL NOTE
General note Includes index.
520 ## - SUMMARY, ETC.
Summary, etc. A beginner's guide to curating a crystal collection that is ethically sourced, practical, and supports a journey into the healing power of crystals.
650 10 - SUBJECT ADDED ENTRY--TOPICAL TERM
Topical term or geographic name entry element Crystals
General subdivision Psychic aspects
Topical term or geographic name entry element Precious stones
Topical term or geographic name entry element Crystals
General subdivision Therapeutic use
Topical term or geographic name entry element Precious stones
General subdivision Therapeutic use
Topical term or geographic name entry element Minerals
General subdivision Therapeutic use
700 1# - ADDED ENTRY--PERSONAL NAME
Personal name Fernandes, Charlene,
Relator term editor.
Personal name Burton, Dave,
Relator term photographer.
Personal name Esposito, Jess,
Relator term photographer.
Personal name Cohen, Hannah,
Relator term photographer.
942 ## - ADDED ENTRY ELEMENTS (KOHA)
Source of classification or shelving scheme Dewey Decimal Classification
Koha item type Book

No items available.